000 01632nam a2200301 i 4500
001 15773
003 DO-SdUEMH
005 20260210155649.0
007 ta
008 211105s2000||||dr a|||gr|||| 0|| | spa d
020 _a9993490008
040 _aDO-SdUEMH
_bspa
_erda
041 _aspa
082 1 4 _aRD 362.1097293 R234S
_mRD
_bR234
084 _b10-00410
100 1 _aRathe, Magdalena
_eautr
245 _aSalud y Equidad:
_buna mirada al financiamiento de la salud en la República Dominicana /
_cMagdalena Rathe
260 _c2000
264 1 _aSanto Domingo, República Dominicana :
_bEditorial AA,
_c2000
264 4 _c©2000
300 _a166 páginas :
_bilustraciones ;
_c23 cm.
336 _2rdacontent
_atexto
_btxt
337 _2rdamedia
_asin mediación
_bn
338 _2rdacarrier
_avolumen
_bnc
505 2 _aCapítulo I: El sector salud en la República Dominicana -- Organización institucional -- Morbilidad -- Utilización de servicios de salud -- Capítulo II: El gasto familiar en salud: un enfoque de equidad -- Gasto promedio por persona -- Cobertura de seguros -- Carga financiera del gasto en salud -- Capítulo III: ¿Es distributivo el financiamiento público a la salud? -- El peso del gasto familiar -- El rol del mercado -- El rol del financiamiento público -- Capítulo IV: Lecciones aprendidas en el estudio del financiamiento a la salud -- El efecto distributivo del gasto público -- El subsidio público en salud: el caso dominicano -- El problema de la productividad -- Cómo mejorar la equidad del sistema -- Cómo mejorar la información básica.
942 _2ddc
_cBK
_n0
999 _c15773
_d15773